| 000 | 00767nam a2200229Ia 4500 | ||
|---|---|---|---|
| 008 | 191130s1992##################000#0#eng## | ||
| 020 | _a9780521379052 | ||
| 022 | _a91027035 | ||
| 040 |
_aACL _cACL |
||
| 082 | _a337.81 BEC | ||
| 100 | _aBecker, Bertha K | ||
| 245 |
_aBrazil, a new regional power in the world-economy _cBertha K. Becker, Claudio A.G. Egler |
||
| 260 |
_aCambridge _bCambridge University Press _c1992 |
||
| 300 | _axiv, 205 p. : ill., maps ; 24 cm. | ||
| 500 | _aIncludes bibliographical references (p. 182-190) and index | ||
| 650 | _aBrazil - Economic conditions | ||
| 650 | _aBrazil - Foreign economic relations | ||
| 700 | _aEgler, Claudio A. G | ||
| 990 | _a434d7f92ac10000c3a1d3da7620f4bec | ||
| 991 | _a160728 | ||
| 999 |
_c119319 _d119319 |
||